<?xml version="1.0" encoding="UTF-8"?>
<record
    xmlns:xsi="http://www.w3.org/2001/XMLSchema-instance"
    xsi:schemaLocation="http://www.loc.gov/MARC21/slim http://www.loc.gov/standards/marcxml/schema/MARC21slim.xsd"
    xmlns="http://www.loc.gov/MARC21/slim">

  <leader>02497cam a22003133a 4500</leader>
  <controlfield tag="001">0000775</controlfield>
  <controlfield tag="003">DO-SdBNP</controlfield>
  <controlfield tag="005">20180216144012.0</controlfield>
  <controlfield tag="007">0000775</controlfield>
  <controlfield tag="008">861112   1975 sp  a        000 0 spa d</controlfield>
  <datafield tag="010" ind1=" " ind2=" ">
    <subfield code="a"> </subfield>
  </datafield>
  <datafield tag="020" ind1=" " ind2=" ">
    <subfield code="a">8425305128 </subfield>
  </datafield>
  <datafield tag="040" ind1=" " ind2=" ">
    <subfield code="a">BPMSU</subfield>
    <subfield code="c">spa</subfield>
    <subfield code="d">BPMSU</subfield>
    <subfield code="d"> </subfield>
  </datafield>
  <datafield tag="100" ind1="1" ind2=" ">
    <subfield code="a">Zanini, Giuseppe</subfield>
  </datafield>
  <datafield tag="245" ind1="1" ind2="3">
    <subfield code="a">El libro del cuando /</subfield>
    <subfield code="c">Giuseppe Zanini ; colaboradores  Andrea Bonanni...[et al] ; traducci&#xF3;n Mar&#xED;a Antonia Menini</subfield>
  </datafield>
  <datafield tag="260" ind1=" " ind2=" ">
    <subfield code="a">Espa&#xF1;a :</subfield>
    <subfield code="b">Ediciones Danae,</subfield>
    <subfield code="b">Grijalbo,</subfield>
    <subfield code="c">1975.</subfield>
  </datafield>
  <datafield tag="300" ind1=" " ind2=" ">
    <subfield code="a">188 p. :</subfield>
    <subfield code="b">il.</subfield>
    <subfield code="c">27 cm.</subfield>
  </datafield>
  <datafield tag="490" ind1="0" ind2=" ">
    <subfield code="a">Biblioteca juvenil </subfield>
  </datafield>
  <datafield tag="505" ind1="2" ind2=" ">
    <subfield code="t">Cu&#xE1;ndo naci&#xF3; la tierra --</subfield>
    <subfield code="t">Cu&#xE1;ndo se solidific&#xF3; la tierra --</subfield>
    <subfield code="t">Cu&#xE1;ndo se formaron las primeras rocas --</subfield>
    <subfield code="t">Cu&#xE1;ndo se formaron las primeras monta&#xF1;as --</subfield>
    <subfield code="t">Cu&#xE1;ndo apareci&#xF3; el agua sobre la tierra --</subfield>
    <subfield code="t">Cu&#xE1;ndo se formaron los oc&#xE9;anos --</subfield>
    <subfield code="t">Cu&#xE1;ndo se cubri&#xF3; la tierra de detritos --</subfield>
    <subfield code="t">Cu&#xE1;ndo se cubri&#xF3; la lava regiones enteras --</subfield>
    <subfield code="t">Cu&#xE1;ndo naci&#xF3; la vida en el mar --</subfield>
    <subfield code="t">Cu&#xE1;ndo carec&#xED;an de vida los continentes --</subfield>
    <subfield code="t">Cu&#xE1;ndo se form&#xF3; el carb&#xF3;n --</subfield>
    <subfield code="t">Cu&#xE1;ndo se form&#xF3; el petr&#xF3;leo --</subfield>
    <subfield code="t">Cu&#xE1;ndo se formaron los actuales continentes --</subfield>
    <subfield code="t">Cu&#xE1;ndo se separ&#xF3; Am&#xE9;rica de &#xC1;frica --</subfield>
    <subfield code="t">Cu&#xE1;ndo invadieron los hielos los continentes --</subfield>
    <subfield code="t">Cu&#xE1;ndo se uni&#xF3; Am&#xE9;rica con Asia --</subfield>
    <subfield code="t">Cu&#xE1;ndo se retiraron los hielos --</subfield>
    <subfield code="t">Cu&#xE1;ndo abandonaron las algas el agua --</subfield>
    <subfield code="t">Cu&#xE1;ndo aparecieron los primeros &#xE1;rboles gigantescos --</subfield>
    <subfield code="t">Cu&#xE1;ndo cubrieron los bosques la tierra --</subfield>
    <subfield code="t">Cu&#xE1;ndo aparecieron las flores sobre la tierra --</subfield>
    <subfield code="t">Cu&#xE1;ndo aparecieron los primeros animales --</subfield>
    <subfield code="t">Cu&#xE1;ndo aparecieron los primeros provistos de coraza --</subfield>
    <subfield code="t">Cu&#xE1;ndo vivieron los gigantes de concha de caracol --</subfield>
    <subfield code="t">Cu&#xE1;ndo aparecieron los animales vertebrados --</subfield>
    <subfield code="t">Cu&#xE1;ndo alberg&#xF3; el mar a los peces provistos de coraza --</subfield>
    <subfield code="t">Cu&#xE1;ndo aparecieron los primeros animales terrestres --</subfield>
    <subfield code="t">Cu&#xE1;ndo se convirtieron los peces en anfibios --</subfield>
    <subfield code="t">Cu&#xE1;ndo adquirieron los peces formas parecidas --</subfield>
    <subfield code="t">Cu&#xE1;ndo empez&#xF3; la edad de los grandes reptiles --</subfield>
    <subfield code="t">Cu&#xE1;ndo apareci&#xF3; el antepasado de los dinosaurios carn&#xED;voros --</subfield>
    <subfield code="t">Cu&#xE1;ndo se extinguieron los grandes reptiles --</subfield>
    <subfield code="t">Cu&#xE1;ndo sab&#xED;an volar los reptiles --</subfield>
    <subfield code="t">Cu&#xE1;ndo aparecieron los antepasados de los p&#xE1;jaros --</subfield>
  </datafield>
  <datafield tag="600" ind1="0" ind2="0">
    <subfield code="a"> </subfield>
    <subfield code="x"> </subfield>
  </datafield>
  <datafield tag="700" ind1="1" ind2="2">
    <subfield code="a">Bonanni, Andrea</subfield>
    <subfield code="e">col.</subfield>
  </datafield>
  <datafield tag="700" ind1="1" ind2="2">
    <subfield code="a">Bracco, Pinaccia</subfield>
    <subfield code="e">col.</subfield>
  </datafield>
  <datafield tag="700" ind1="1" ind2="2">
    <subfield code="a">Pretto, Glauco</subfield>
    <subfield code="e">col.</subfield>
  </datafield>
  <datafield tag="700" ind1="1" ind2="2">
    <subfield code="a">Menini, Mar&#xED;a Antonia</subfield>
    <subfield code="e">trad.</subfield>
  </datafield>
  <datafield tag="830" ind1=" " ind2="0">
    <subfield code="a">Biblioteca juvenil </subfield>
  </datafield>
  <datafield tag="942" ind1=" " ind2=" ">
    <subfield code="2">ddc</subfield>
    <subfield code="c">BK</subfield>
  </datafield>
  <datafield tag="945" ind1=" " ind2=" ">
    <subfield code="a">Inventariado, 2018 / BT</subfield>
  </datafield>
  <datafield tag="952" ind1=" " ind2=" ">
    <subfield code="0">0</subfield>
    <subfield code="1">0</subfield>
    <subfield code="2">ddc</subfield>
    <subfield code="4">0</subfield>
    <subfield code="7">0</subfield>
    <subfield code="8">CJ-G</subfield>
    <subfield code="a">BPMET</subfield>
    <subfield code="b">BPMET</subfield>
    <subfield code="d">2016-11-02</subfield>
    <subfield code="e">Sin sellar</subfield>
    <subfield code="l">0</subfield>
    <subfield code="p">BPMSU16110031</subfield>
    <subfield code="r">2016-11-02</subfield>
    <subfield code="w">2016-11-02</subfield>
    <subfield code="y">BK</subfield>
  </datafield>
  <datafield tag="956" ind1=" " ind2=" ">
    <subfield code="2">YLOCKWARD</subfield>
    <subfield code="3">10</subfield>
    <subfield code="8">BPMSU</subfield>
  </datafield>
  <datafield tag="999" ind1=" " ind2=" ">
    <subfield code="c">11765</subfield>
    <subfield code="d">11765</subfield>
  </datafield>
</record>
